Jak psát reklamní text

Salvato in:
Dettagli Bibliografici
Autore principale: Křížek, Zdeněk
Altri autori: Crha, Ivan
Natura: Libro
Lingua:ceco
Pubblicazione: Praha GRADA 2003
Edizione:2. výraz. rozšíř. a přeprac. vyd.
Soggetti:
Tags: Aggiungi Tag
Nessun Tag, puoi essere il primo ad aggiungerne!!

MARC

LEADER 00000nam$a2200000$$$4500
001 0002393
005 20221207102645.7
020 |a 80-247-0556-7 
041 0 |a cze 
044 |a CZ 
245 1 0 |a Jak psát reklamní text  |c Zdeněk Křížek, Ivan Crha 
250 |a 2. výraz. rozšíř. a přeprac. vyd. 
264 1 |a Praha  |b GRADA  |c 2003 
300 |a 190 s. 
610 2 0 |a reklama 
610 2 0 |a marketing 
610 2 0 |a propagácia 
610 2 0 |a komunikácia 
610 2 0 |a zákazníci 
610 2 0 |a médiá 
610 2 0 |a internet 
100 1 |a Křížek, Zdeněk 
700 1 |a Crha, Ivan